MDQL
is popping MORE tags! Check the
thread
!
Quizzes
Events
Quiz Creation
Community
Videos
Private Events
Remove Ads
Sign In
Join for FREE
Feedback
Dark Mode
Quiz Categories
Sports
Geography
Music
Movies
Television
Just For Fun
Miscellaneous
History
Literature
Language
Science
Gaming
Entertainment
Religion
Holiday
For Kids
Quiz Lab
Recent
Popular Today
Quiz Kudos Today
Editor Picks
Curator Picks
Quizzes by...
Day
Popularity
Type
Ratings
Length
Year
Community
Subscriptions
Recent Discussions
Orange Saloon
Badges
Playlists
Quests
Create
Leaderboards
Showdown
Live 5
Trivia Bingo
Activity
Puzzle Library
Sporcle Events
Private Events
Virtual Trivia
Globe League
Become a Host
Pub Owners
SporcleCon
Opinionation
Our Games
Videos
Blog
Mobile Apps
Partnerships
Remove Ads and Go Orange
Feedback
Sports
Athletes
MLB
NBA
NHL
NFL
Soccer
Sports Teams
WWE
NCAA
Football
Premier League
Basketball
Baseball
Hockey
Golf
Tennis
Cricket
Rugby
Auto Racing
Olympics
World Cup
Sports
Athletes
MLB
NBA
NHL
NFL
Soccer
Sports Teams
WWE
NCAA
Football
Premier League
Basketball
Baseball
Hockey
Golf
Tennis
Cricket
Rugby
Auto Racing
Olympics
World Cup
Random Quiz
Search Sporcle
×
Quiz Lab
Quiz Lab
Sports
NBA
Type in answers that appear in a list
Type in answers that appear in a list
Classic
Best Score? Go Orange.
Los Angeles Clippers Playoff Starting Lineups Stats
Can you name the starting lineups for each Los Angeles Clippers playoff team (based on Game 1 of the first series) since 1982?
By
MechaSnoopy
7m
70 Questions
647 Plays
647 Plays
647 Plays
Comments
Comments
Give Quiz Kudos
Give Quiz Kudos
-
- Ratings
hide this ad
Replay
Link that replays current quiz
Next Quiz
Link to next quiz in quiz playlist
You Got
0%
They Got
Avg Score
45%
Avg Friend Score
Upgrade to see
Score Distribution
Jump to the score distribution portion of the page
Score
0/70
Timer
07:00
0
Plays Today
Year
Player
% Correct
2012
Chris Paul
99.8%
2012
Blake Griffin
99.8%
2013
Chris Paul
99.8%
2013
Blake Griffin
99.8%
2014
Chris Paul
99.8%
2014
Blake Griffin
99.8%
2015
Chris Paul
99.8%
2015
Blake Griffin
99.8%
2016
Chris Paul
99.7%
2016
Blake Griffin
99.7%
2017
Chris Paul
99.6%
2017
Blake Griffin
99.6%
2012
DeAndre Jordan
98.8%
2013
DeAndre Jordan
98.8%
2014
DeAndre Jordan
98.8%
2015
DeAndre Jordan
98.8%
2016
DeAndre Jordan
98.3%
2017
DeAndre Jordan
98.1%
2023
Kawhi Leonard
97.2%
2020
Kawhi Leonard
97%
2021
Kawhi Leonard
96.6%
2016
J.J. Redick
96.3%
2020
Paul George
96.2%
2017
J.J. Redick
95.5%
2021
Paul George
95.5%
2023
Ivica Zubac
94.4%
2014
J.J. Redick
94.1%
2015
J.J. Redick
94.1%
2006
Elton Brand
91%
2021
Ivica Zubac
90.9%
2023
Russell Westbrook
88.9%
2020
Ivica Zubac
88%
2020
Patrick Beverley
86.5%
2021
Patrick Beverley
83%
2019
Ivica Zubac
82.9%
Year
Player
% Correct
2014
Matt Barnes
82.8%
2015
Matt Barnes
82.8%
2019
Patrick Beverley
82.4%
2021
Marcus Morris
81.8%
2020
Marcus Morris
76.7%
2006
Chris Kaman
74%
2019
Danilo Gallinari
72.5%
2019
Shai Gilgeous-Alexander
71.5%
1992
Danny Manning
62.4%
1993
Danny Manning
62.4%
2023
Eric Gordon
61.1%
2016
Luc Mbah a Moute
57.4%
1992
Charles Smith
57.3%
2017
Luc Mbah a Moute
56.9%
2006
Sam Cassell
56.6%
2023
Nicolas Batum
52.8%
1993
Mark Jackson
50.7%
1992
Ron Harper
45.1%
1993
Ron Harper
45.1%
2012
Caron Butler
42.8%
2013
Caron Butler
42.8%
2019
Landry Shamet
38.9%
2006
Cuttino Mobley
37.9%
2013
Chauncey Billups
35.2%
1997
Loy Vaught
34.8%
1992
Gary Grant
21.6%
1992
Ken Norman
19.3%
1993
Ken Norman
19.3%
2012
Randy Foye
18.9%
1997
Darrick Martin
17.6%
1997
Lorenzen Wright
17.2%
1993
Stanley Roberts
15.6%
1997
Rodney Rogers
14.5%
2006
Quinton Ross
14.1%
1997
Malik Sealy
13.6%
Quiz Playlist
Details
Report
Send in Message
Add To Playlist
Classic:
Type in answers that appear in a list
Last Updated: Sep 25, 2018
Quiz Scoreboard
CHALLENGE
Sign Up to Join the Scoreboard
Show All
Scores
Hide
Comments
May contain spoilers
Recently Published
5x2 Blitz: Bands
by SL_Kpop136
Music
30s
Colored Red Africa Blitz
by spor1
Geography
30s
Find the 'City' Movie
by crazypaving
Movies
60s
More to Explore
Quiz From the Vault
Featured Blog Post
14 Easter Pick-up Lines to Find Eggs With
hide this ad
You Might Also Like...
Tags
Basketball Quiz
NBA Quiz
Los Angeles Clippers
NBA Playoffs
Playoff
Today's Top Quizzes in Sports
Browse Sports
hide this ad
Today's Top Quizzes in NBA
Browse NBA
Top Contributed Quizzes in Sports
1
Players with Multiple 50 Home Run Seasons
2
Les entraîneurs de l'OM et du PSG au 21e siècle
3
Criteria MLB: Left Handed Sluggers
4
2022 World Cup Stars
5
Les meilleurs buteurs des matchs entre le PSG et l’OM
6
Who Hit More Homers?
7
Les joueurs passés par le PSG et l'OM
8
NBA Logic Puzzle 2.0
9
Top 10 NHL Goal Scorers of All Time
10
MLB Players with Two .350 Batting Average Seasons
Explore More
Trending Topics
Kpop
Crossword
Anime
Harry Potter
NBA
Disney
Marvel
Soccer
Puzzle
Country
The Office
Song
NFL
Pokémon
WWE
hide this ad
More By:
MechaSnoopy
Quiz
Plays
Rating
Category
Featured
Created
Most NBA Single Game Points per Season
113,074
4.70
Sports
Feb 10, 2015
NBA Award and Title in Same Year
79,075
4.64
Sports
May 11, 2015
NBA 15-15-15 Triple Doubles
75,194
4.69
Sports
Jan 17, 2015
NBA Yearly Minutes per Game Leaders
45,474
4.66
Sports
Mar 9, 2015
US Olympic Basketball Leaders
32,607
4.51
Sports
Jul 28, 2018
Go to Creator's Profile
Score Distribution
Quiz Creator Spotlight
MechaSnoopy
Follow
Send a Message
Quizzes Created
-
Created Quiz Play Count
-
More By This Creator
Popular Quizzes Today
1
Colored Red Africa Blitz
2
Find the 'City' Movie
3
Find the US States - No Outlines Minefield
4
5x2 Blitz: Bands
5
The Countries of the World
6
Find the US States
7
US States
8
9x9 Crossword: Cartoon Network
More Sports Quizzes
Klub 50+ : Reprezentacja Polski
Quiz Lab
Trending Quizzes
Colored Red Europe Blitz I
Colored Red Europe Blitz II
Colored Red Africa Blitz II
Colored Red Europe Blitz III
Colored Red Africa Blitz III
Recently Updated
How Do You Spell That?
pecheneg
Godzilla Movies
pecheneg
Grab Bag: 4-10 Letters
pecheneg
2024 March Madness Bracket
pecheneg
Famous TV Couples
Peacemaker
Champions League XIs: Real Madrid
pecheneg
Largest US Cities 1790-2010
pecheneg
Rides in Walt Disney World
pecheneg
Most Oscar Losses (Acting)
pecheneg
Beyoncé Albums
pecheneg
Trending Topics
Anime
Kpop
Disney
Marvel
NBA
Harry Potter
Crossword
Country
WWE
Soccer
Puzzle
NFL
Song
The Office
Pokémon
Your Account Isn't Verified!
In order to create a playlist on Sporcle, you need to verify the email address you used during registration. Go to your
Sporcle Settings
to finish the process.
Report this User
Report this user for behavior that violates our
Community Guidelines
.
Details:
Send Report
Go to the Sporcle.com Mobile Site →
Comments